000 00532nam a2200217Ia 4500
003 OSt
005 20250225165101.0
008 210210b1977 xxu||||| |||| 00| 0 eng d
040 _cAL
041 _aEnglish
082 _a537 SEHE
100 _aSEHGAL (D L) & others.
_9202700
245 _aElectricity & magnetism
250 _a2.
260 _aN D
_bSultan Chand & Sons
_c1975
300 _axiii,3.473
650 _aElectricity Magnetism
_9202701
690 _aElectricity
_9202702
906 _aSG00600
942 _2ddc
_cBK
999 _c112015
_d112015